000 00567cam a22002053a 4500
001 38181
003 PGUSA
005 20140828083836.0
008 111201s2011||||xxu|||||s|||||000 | eng d
040 _aPGUSA
_beng
042 _adc
100 1 _aMarsh, Richard,
_d1857-1915
245 1 2 _aA Woman Perfected
_h[electronic resource] /
_cRichard Marsh
260 _bProject Gutenberg,
_c2011
506 _aPublic domain in the USA.
516 _aElectronic text
830 0 _aProject Gutenberg
_v38181
856 4 0 _uhttp://www.gutenberg.org/ebooks/38181
942 _cEB
999 _c267435
_d267435